000 00328 a2200109 4500
001 ART_11012
005 20260410161849.0
008 260409a
245 1 0 _aCrecimiento y coyuntura en América Latina
100 1 _aVillanueva, Javier
773 0 _tEconómica
_g- Año XXXIII, Nº 1 (ene./jun. 1987)
_wREV7541
999 _c24855
_d24855